00545cam a2200121 i 4500020002600000100001100026245015300037250001400190300003000204490002500234500008800259500007600347 a9789863982388cNT$3201 a凱勒10a成功, 從聚焦一件事開始 :b不流失專注力的減法原則 /c蓋瑞.凱勒(Gary Keller), 傑伊.巴帕森(Jay Papasan)著 ; 羅耀宗譯 a第二版 a254面 :b圖 ;c21公分1 a天下財經 ;v324. a譯自: The one thing : the surprisingly simple truth behind extraordinary results. a第一版題名: 聚焦第一張骨牌 : 卓越背後的超簡單原則